000 01391nam a22002537a 4500
003 OSt
005 20250411112534.0
008 210216b 2019 dr 00| 0 eng d
020 _a9789945169652
040 _aDO-SdBNP
_bspa
_cBNPHU
082 4 _a972.93053
_bR139j
_222
100 1 _aRaful, Tony,
_d1951-
_91377
245 _aJohnny Abbes García :
_b ¡Vivo, suelto y sin expedientes! /
_cTony Raful Tejada.
260 _aSanto Domingo:
_bBuho,
_c2019
300 _a395 p. ;
_c24 cm.
500 _aIncluye datos biográficos del autor en la solapa de la cubierta
520 _aNovela basada en la vida y época de Johnny Abbes García (1924-?) Cabeza del SIM (Servicio de Inteligencia Militar) y la mente maestra del asesinato de enemigos de Trujillo en el exterior, como el atentado contra la vida del presidente venezolano Rómulo Betancourt (1960), el asesinato del presidente Carlos Castillo de Armas en Guatemala en 1957, e innumerables crímenes contra dominicanos exiliados en México, Centroamérica, Cuba y el Estados Unidos, entre otros horrendos crímenes.
590 _aInventariado, 2021 /LP
600 2 4 _aAbbes García, Johnny,
_d1924-1967
_977920
610 1 4 _aRepública Dominicana
_bServicio de Inteligencia Militar
_977921
650 4 _aOficiales de inteligencia
_zRepública Dominicana
_vBiografías
_977638
910 _aValidado. Control de calidad MFF
942 _2ddc
_cLBS1
999 _c49377
_d49377